[Event "Campionat de Catalunya 2021 Sub 10-14"]
[Site "Salou"]
[Date "2021.03.29"]
[Round "4.6"]
[White "Mompel Ferruz, Xavier"]
[Black "Tarrago Plaza, Marc"]
[Result "1/2-1/2"]
[WhiteFideId "54585775"]
[BlackFideId "54578990"]
[WhiteElo "1721"]
[BlackElo "1340"]

1. e4 {[%clk 01:30:56]} {[%emt 00:00:03]} c5 {[%clk 01:30:43]} {[%emt
00:00:16]} 2. Nf3 {[%clk 01:31:12]} {[%emt 00:00:14]} g6 {[%clk 01:30:49]}
{[%emt 00:00:25]} 3. c3 {[%clk 01:31:21]} {[%emt 00:00:21]} Bg7 {[%clk
01:30:38]} {[%emt 00:00:40]} 4. d4 {[%clk 01:31:07]} {[%emt 00:00:44]} cxd4
{[%clk 01:30:54]} {[%emt 00:00:15]} 5. cxd4 {[%clk 01:31:26]} {[%emt 00:00:11]}
d5 {[%clk 01:30:38]} {[%emt 00:00:46]} 6. e5 {[%clk 01:30:37]} {[%emt
00:01:19]} Nc6 {[%clk 01:29:45]} {[%emt 00:01:23]} 7. Nbd2 {[%clk 01:26:49]}
{[%emt 00:04:18]} Nh6 {[%clk 01:26:44]} {[%emt 00:03:30]} 8. Bb5 {[%clk
01:22:48]} {[%emt 00:04:31]} O-O {[%clk 01:25:23]} {[%emt 00:01:51]} 9. O-O
{[%clk 01:19:38]} {[%emt 00:03:40]} Nf5 {[%clk 01:23:53]} {[%emt 00:02:00]} 10.
Bxc6 {[%clk 01:18:36]} {[%emt 00:01:32]} bxc6 {[%clk 01:24:02]} {[%emt
00:00:20]} 11. Nb3 {[%clk 01:17:36]} {[%emt 00:01:31]} f6 {[%clk 01:16:59]}
{[%emt 00:07:33]} 12. Re1 {[%clk 01:04:35]} {[%emt 00:13:31]} Qb6 {[%clk
01:09:44]} {[%emt 00:07:45]} 13. exf6 {[%clk 00:53:43]} {[%emt 00:11:22]} exf6
{[%clk 01:08:51]} {[%emt 00:01:22]} 14. Nc5 {[%clk 00:47:26]} {[%emt 00:06:48]}
Nd6 {[%clk 01:00:39]} {[%emt 00:08:42]} 15. b3 {[%clk 00:41:52]} {[%emt
00:06:04]} Nb7 {[%clk 00:56:14]} {[%emt 00:04:55]} 16. Ba3 {[%clk 00:36:39]}
{[%emt 00:05:43]} Rd8 {[%clk 00:55:20]} {[%emt 00:01:24]} 17. Qd2 {[%clk
00:29:30]} {[%emt 00:07:39]} Nxc5 {[%clk 00:50:36]} {[%emt 00:05:14]} 18. Bxc5
{[%clk 00:29:32]} {[%emt 00:00:27]} Qc7 {[%clk 00:50:46]} {[%emt 00:00:20]} 19.
Re7 {[%clk 00:24:43]} {[%emt 00:05:18]} Bd7 {[%clk 00:49:08]} {[%emt 00:02:09]}
20. Rc1 {[%clk 00:20:31]} {[%emt 00:04:41]} Re8 {[%clk 00:47:02]} {[%emt
00:02:37]} 21. Rce1 {[%clk 00:18:43]} {[%emt 00:02:18]} a6 {[%clk 00:42:19]}
{[%emt 00:05:12]} 22. Qb4 {[%clk 00:17:30]} {[%emt 00:01:43]} Rxe7 {[%clk
00:40:08]} {[%emt 00:02:42]} 23. Rxe7 {[%clk 00:16:04]} {[%emt 00:01:56]} Re8
{[%clk 00:40:09]} {[%emt 00:00:29]} 24. Qe1 {[%clk 00:12:48]} {[%emt 00:03:45]}
Qd8 {[%clk 00:39:40]} {[%emt 00:01:00]} 25. Rxe8+ {[%clk 00:12:15]} {[%emt
00:01:03]} Qxe8 {[%clk 00:39:54]} {[%emt 00:00:16]} 26. Qxe8+ {[%clk 00:11:52]}
{[%emt 00:00:52]} Bxe8 {[%clk 00:39:40]} {[%emt 00:00:45]} 27. Kf1 {[%clk
00:11:57]} {[%emt 00:00:25]} Kf7 {[%clk 00:39:41]} {[%emt 00:00:29]} 28. a4
{[%clk 00:10:53]} {[%emt 00:01:33]} Bd7 {[%clk 00:39:33]} {[%emt 00:00:38]} 29.
Ke2 {[%clk 00:10:56]} {[%emt 00:00:28]} Bg4 {[%clk 00:39:46]} {[%emt 00:00:17]}
30. h3 {[%clk 00:10:17]} {[%emt 00:01:09]} Bxf3+ {[%clk 00:39:51]} {[%emt
00:00:25]} 31. Kxf3 {[%clk 00:10:41]} {[%emt 00:00:05]} Ke6 {[%clk 00:40:08]}
{[%emt 00:00:13]} 32. Ke3 {[%clk 00:09:44]} {[%emt 00:01:27]} Bh6+ {[%clk
00:40:16]} {[%emt 00:00:22]} 33. Kd3 {[%clk 00:09:46]} {[%emt 00:00:28]} Kf5
{[%clk 00:39:57]} {[%emt 00:00:49]} 34. g3 {[%clk 00:09:22]} {[%emt 00:00:54]}
Bc1 {[%clk 00:38:47]} {[%emt 00:01:40]} 35. f3 {[%clk 00:07:47]} {[%emt
00:02:05]} h5 {[%clk 00:38:39]} {[%emt 00:00:38]} 36. Bd6 {[%clk 00:07:44]}
{[%emt 00:00:33]} Ke6 {[%clk 00:37:09]} {[%emt 00:02:00]} 37. Bb8 {[%clk
00:07:04]} {[%emt 00:01:11]} f5 {[%clk 00:36:44]} {[%emt 00:00:55]} 38. Kc3
{[%clk 00:06:53]} {[%emt 00:00:41]} Be3 {[%clk 00:36:16]} {[%emt 00:00:58]} 39.
Bf4 {[%clk 00:06:34]} {[%emt 00:00:49]} Bf2 {[%clk 00:35:09]} {[%emt 00:01:37]}
40. g4 {[%clk 00:05:24]} {[%emt 00:01:40]} Be1+ {[%clk 00:34:45]} {[%emt
00:00:55]} 41. Kd3 {[%clk 00:05:32]} {[%emt 00:00:22]} Bb4 {[%clk 00:34:26]}
{[%emt 00:00:49]} 42. gxh5 {[%clk 00:05:23]} {[%emt 00:00:39]} gxh5 {[%clk
00:34:45]} {[%emt 00:00:11]} 43. Bd2 {[%clk 00:05:13]} {[%emt 00:00:39]} Bd6
{[%clk 00:32:25]} {[%emt 00:02:51]} 44. b4 {[%clk 00:04:35]} {[%emt 00:01:08]}
f4 {[%clk 00:32:15]} {[%emt 00:00:40]} 45. Be1 {[%clk 00:04:01]} {[%emt
00:01:03]} Kf5 {[%clk 00:32:25]} {[%emt 00:00:20]} 46. Kc3 {[%clk 00:03:57]}
{[%emt 00:00:33]} Bc7 {[%clk 00:27:16]} {[%emt 00:05:39]} 47. Bh4 {[%clk
00:03:54]} {[%emt 00:00:33]} Bd6 {[%clk 00:27:21]} {[%emt 00:00:26]} 48. Bd8
{[%clk 00:03:44]} {[%emt 00:00:39]} Ke6 {[%clk 00:27:03]} {[%emt 00:00:49]} 49.
Bh4 {[%clk 00:02:57]} {[%emt 00:01:17]} Be7 {[%clk 00:27:08]} {[%emt 00:00:25]}
50. Bxe7 {[%clk 00:02:11]} {[%emt 00:01:15]} Kxe7 {[%clk 00:27:31]} {[%emt
00:00:07]} 51. b5 {[%clk 00:02:12]} {[%emt 00:00:29]} a5 {[%clk 00:26:41]}
{[%emt 00:01:19]} 52. bxc6 {[%clk 00:01:09]} {[%emt 00:01:34]} Kd6 {[%clk
00:26:53]} {[%emt 00:00:18]} 1/2-1/2

[Event "Campionat de Catalunya 2021 Sub 10-14"]
[Site "Salou"]
[Date "2021.03.29"]
[Round "4.7"]
[White "Dea Ruiz, Jofre"]
[Black "Herman Gamazo, Isaac"]
[Result "1/2-1/2"]
[WhiteFideId "54700493"]
[BlackFideId "54586470"]
[WhiteElo "1336"]
[BlackElo "1542"]

1. d4 {[%clk 01:30:58]} {[%emt 00:00:02]} Nf6 {[%clk 01:30:35]} {[%emt
00:00:25]} 2. c4 {[%clk 01:30:10]} {[%emt 00:01:17]} g6 {[%clk 01:30:32]}
{[%emt 00:00:33]} 3. Nf3 {[%clk 01:29:48]} {[%emt 00:00:53]} Bg7 {[%clk
01:30:51]} {[%emt 00:00:10]} 4. g3 {[%clk 01:29:13]} {[%emt 00:01:05]} O-O
{[%clk 01:31:00]} {[%emt 00:00:22]} 5. Bg2 {[%clk 01:28:54]} {[%emt 00:00:49]}
d6 {[%clk 01:31:07]} {[%emt 00:00:23]} 6. O-O {[%clk 01:28:28]} {[%emt
00:00:56]} c6 {[%clk 01:30:43]} {[%emt 00:00:53]} 7. Nbd2 {[%clk 01:26:56]}
{[%emt 00:02:02]} Nbd7 {[%clk 01:30:54]} {[%emt 00:00:19]} 8. Qc2 {[%clk
01:25:48]} {[%emt 00:01:39]} Qb6 {[%clk 01:30:50]} {[%emt 00:00:34]} 9. e3
{[%clk 01:23:47]} {[%emt 00:02:31]} c5 {[%clk 01:30:33]} {[%emt 00:00:47]} 10.
Nb3 {[%clk 01:22:08]} {[%emt 00:02:09]} cxd4 {[%clk 01:28:45]} {[%emt
00:02:18]} 11. exd4 {[%clk 01:21:49]} {[%emt 00:00:48]} e5 {[%clk 01:26:52]}
{[%emt 00:02:23]} 12. dxe5 {[%clk 01:19:42]} {[%emt 00:02:37]} dxe5 {[%clk
01:27:12]} {[%emt 00:00:10]} 13. Nbd2 {[%clk 01:18:43]} {[%emt 00:01:29]} Re8
{[%clk 01:27:00]} {[%emt 00:00:42]} 14. Re1 {[%clk 01:18:04]} {[%emt 00:01:05]}
Ng4 {[%clk 01:27:00]} {[%emt 00:00:32]} 15. Rf1 {[%clk 01:15:19]} {[%emt
00:03:16]} f5 {[%clk 01:26:58]} {[%emt 00:00:32]} 16. h3 {[%clk 01:14:40]}
{[%emt 00:01:10]} Ngf6 {[%clk 01:27:23]} {[%emt 00:00:06]} 17. Nb3 {[%clk
01:12:16]} {[%emt 00:02:54]} a5 {[%clk 01:27:29]} {[%emt 00:00:24]} 18. a4
{[%clk 01:12:25]} {[%emt 00:00:20]} Nb8 {[%clk 01:26:48]} {[%emt 00:01:11]} 19.
Be3 {[%clk 01:12:21]} {[%emt 00:00:34]} Qc7 {[%clk 01:27:10]} {[%emt 00:00:08]}
20. Rfd1 {[%clk 01:11:49]} {[%emt 00:01:02]} Be6 {[%clk 01:27:00]} {[%emt
00:00:40]} 21. Bc5 {[%clk 01:07:19]} {[%emt 00:04:56]} Ne4 {[%clk 01:26:20]}
{[%emt 00:01:14]} 22. Be3 {[%clk 01:04:43]} {[%emt 00:03:07]} Qxc4 {[%clk
01:26:16]} {[%emt 00:00:34]} 23. Qxc4 {[%clk 01:03:53]} {[%emt 00:01:20]} Bxc4
{[%clk 01:26:38]} {[%emt 00:00:08]} 24. Nbd2 {[%clk 01:04:02]} {[%emt
00:00:20]} Bd3 {[%clk 01:26:39]} {[%emt 00:00:31]} 25. Nxe4 {[%clk 01:03:53]}
{[%emt 00:00:39]} Bxe4 {[%clk 01:26:59]} {[%emt 00:00:10]} 26. Rac1 {[%clk
01:03:37]} {[%emt 00:00:46]} Nc6 {[%clk 01:26:46]} {[%emt 00:00:43]} 27. Rd7
{[%clk 01:02:57]} {[%emt 00:01:08]} Bxf3 {[%clk 01:26:06]} {[%emt 00:01:12]} 28.
Bxf3 {[%clk 01:03:10]} {[%emt 00:00:17]} e4 {[%clk 01:26:29]} {[%emt 00:00:06]}
29. Be2 {[%clk 01:02:52]} {[%emt 00:00:47]} Bxb2 {[%clk 01:26:52]} {[%emt
00:00:09]} 30. Rb1 {[%clk 01:02:43]} {[%emt 00:00:38]} Be5 {[%clk 01:25:13]}
{[%emt 00:02:09]} 31. Rbxb7 {[%clk 01:02:52]} {[%emt 00:00:21]} Rab8 {[%clk
01:25:11]} {[%emt 00:00:32]} 32. Rxh7 {[%clk 01:02:18]} {[%emt 00:01:04]} Rxb7
{[%clk 01:24:38]} {[%emt 00:01:03]} 33. Rxb7 {[%clk 01:02:38]} {[%emt
00:00:10]} Rb8 {[%clk 01:24:42]} {[%emt 00:00:25]} 34. Rxb8+ {[%clk 01:02:21]}
{[%emt 00:00:48]} Nxb8 {[%clk 01:25:01]} {[%emt 00:00:11]} 35. Bb6 {[%clk
01:02:33]} {[%emt 00:00:15]} Kf7 {[%clk 01:23:47]} {[%emt 00:01:47]} 36. Bxa5
{[%clk 01:02:36]} {[%emt 00:00:27]} Nc6 {[%clk 01:24:05]} {[%emt 00:00:12]} 37.
Bb6 {[%clk 01:01:07]} {[%emt 00:01:59]} Bc3 {[%clk 01:24:25]} {[%emt 00:00:10]}
38. Kg2 {[%clk 01:00:25]} {[%emt 00:01:13]} Kf6 {[%clk 01:24:12]} {[%emt
00:00:43]} 39. f3 {[%clk 00:59:50]} {[%emt 00:01:04]} Ke5 {[%clk 01:23:37]}
{[%emt 00:01:04]} 40. fxe4 {[%clk 00:59:24]} {[%emt 00:00:56]} fxe4 {[%clk
01:23:47]} {[%emt 00:00:20]} 41. Kf2 {[%clk 00:59:08]} {[%emt 00:00:44]} Bd2
{[%clk 01:20:32]} {[%emt 00:03:47]} 42. h4 {[%clk 00:58:29]} {[%emt 00:01:08]}
Kd5 {[%clk 01:18:55]} {[%emt 00:02:08]} 43. h5 {[%emt 00:00:42]} gxh5 {[%emt
00:00:11]} 44. Bxh5 {[%clk 00:57:30]} {[%emt 00:00:36]} Na5 {[%clk 01:18:46]}
{[%emt 00:00:39]} 45. Bxa5 {[%clk 00:57:43]} {[%emt 00:00:16]} Bxa5 {[%emt
00:02:27]} 46. Ke3 {[%emt 00:00:29]} Bb6+ {[%clk 01:15:22]} {[%emt 00:00:58]}
47. Ke2 {[%clk 00:57:20]} {[%emt 00:00:53]} e3 {[%clk 01:15:00]} {[%emt
00:00:51]} 48. a5 {[%clk 00:57:19]} {[%emt 00:00:32]} Bxa5 {[%clk 01:15:22]}
{[%emt 00:00:08]} 49. Kxe3 {[%clk 00:57:40]} {[%emt 00:00:09]} 1/2-1/2

[Event "Campionat de Catalunya 2021 Sub 10-14"]
[Site "Salou"]
[Date "2021.03.29"]
[Round "4.8"]
[White "Alonso Gimenez, Mauro"]
[Black "Jurca Szabo, Gerard"]
[Result "1-0"]
[WhiteFideId "54539412"]
[BlackFideId "54540003"]
[WhiteElo "1367"]
[BlackElo "1238"]

1. e4 {[%clk 01:30:39]} {[%emt 00:00:20]} e5 {[%clk 01:30:45]} {[%emt
00:00:15]} 2. Nc3 {[%clk 01:30:41]} {[%emt 00:00:29]} Nc6 {[%clk 01:30:02]}
{[%emt 00:01:12]} 3. f4 {[%clk 01:29:58]} {[%emt 00:01:13]} f6 {[%clk
01:26:28]} {[%emt 00:04:04]} 4. f5 {[%clk 01:27:34]} {[%emt 00:02:55]} g6
{[%clk 01:23:13]} {[%emt 00:03:44]} 5. h4 {[%clk 01:21:52]} {[%emt 00:06:13]}
Nge7 {[%clk 01:21:52]} {[%emt 00:01:51]} 6. h5 {[%clk 01:17:22]} {[%emt
00:05:00]} h6 {[%clk 00:53:13]} {[%emt 00:29:08]} 7. hxg6 {[%clk 01:17:20]}
{[%emt 00:00:30]} Bg7 {[%clk 00:53:23]} {[%emt 00:00:21]} 8. Bc4 {[%clk
01:14:58]} {[%emt 00:02:53]} d5 {[%clk 00:49:20]} {[%emt 00:04:33]} 9. Nxd5
{[%clk 01:14:01]} {[%emt 00:01:28]} Na5 {[%clk 00:49:12]} {[%emt 00:00:37]} 10.
Qe2 {[%clk 01:12:49]} {[%emt 00:01:40]} Nxc4 {[%clk 00:48:30]} {[%emt
00:01:15]} 11. Qxc4 {[%clk 01:13:07]} {[%emt 00:00:11]} Nxd5 {[%clk 00:48:47]}
{[%emt 00:00:14]} 12. Qxd5 {[%clk 01:12:19]} {[%emt 00:01:18]} Qxd5 {[%clk
00:48:48]} {[%emt 00:00:29]} 13. exd5 {[%clk 01:12:39]} {[%emt 00:00:09]} Bxf5
{[%clk 00:49:03]} {[%emt 00:00:15]} 14. Rh4 {[%clk 01:12:01]} {[%emt 00:01:07]}
Rg8 {[%clk 00:41:25]} {[%emt 00:08:09]} 15. Rc4 {[%clk 01:10:47]} {[%emt
00:01:44]} Rc8 {[%clk 00:40:56]} {[%emt 00:00:59]} 16. Nf3 {[%clk 01:09:15]}
{[%emt 00:02:01]} Bxg6 {[%clk 00:41:01]} {[%emt 00:00:24]} 17. d6 {[%clk
01:08:29]} {[%emt 00:01:19]} Kd7 {[%clk 00:41:14]} {[%emt 00:00:16]} 18. dxc7
{[%clk 01:08:16]} {[%emt 00:00:45]} Rxc7 {[%clk 00:41:13]} {[%emt 00:00:30]} 19.
Rxc7+ {[%clk 01:08:32]} {[%emt 00:00:15]} Kxc7 {[%clk 00:41:36]} {[%emt
00:00:07]} 20. c3 {[%clk 01:08:09]} {[%emt 00:00:52]} Rd8 {[%clk 00:34:22]}
{[%emt 00:07:44]} 21. d4 {[%clk 01:07:27]} {[%emt 00:01:13]} e4 {[%clk
00:30:05]} {[%emt 00:04:47]} 22. Bf4+ {[%clk 01:07:35]} {[%emt 00:00:22]} Kc6
{[%clk 00:29:27]} {[%emt 00:01:08]} 23. Nd2 {[%clk 01:06:40]} {[%emt 00:01:26]}
Re8 {[%clk 00:27:00]} {[%emt 00:02:56]} 24. Kf2 {[%clk 01:06:08]} {[%emt
00:01:03]} h5 {[%clk 00:25:09]} {[%emt 00:02:20]} 25. Nc4 {[%clk 01:05:43]}
{[%emt 00:00:56]} Bf8 {[%clk 00:24:56]} {[%emt 00:00:42]} 26. Na5+ {[%clk
01:02:34]} {[%emt 00:03:40]} Kb6 {[%clk 00:24:08]} {[%emt 00:01:18]} 27. b4
{[%clk 00:58:53]} {[%emt 00:04:11]} f5 {[%clk 00:21:16]} {[%emt 00:03:21]} 28.
a4 {[%clk 00:57:29]} {[%emt 00:01:56]} h4 {[%clk 00:20:08]} {[%emt 00:01:37]}
29. d5 {[%clk 00:56:30]} {[%emt 00:01:26]} a6 {[%clk 00:17:19]} {[%emt
00:03:23]} 30. d6 {[%clk 00:56:00]} {[%emt 00:00:59]} Bg7 {[%clk 00:14:27]}
{[%emt 00:03:23]} 31. Be3+ {[%clk 00:56:09]} {[%emt 00:00:20]} Bd4 {[%clk
00:13:19]} {[%emt 00:01:39]} 32. Bxd4# {[%clk 00:56:30]} {[%emt 00:00:09]} 1-0